000 00586nam a2200229Ia 4500
003 OSt
005 20220918180135.0
006 a|||||r|||| 00| 0
007 ta
008 220917b |||||||| |||| 00| 0 eng d
024 _a20,813
037 _cTextual
040 _aARTS
_cARTS
_beng
041 _2eng
_aeng
082 _aO:3M12w, H9
100 _aCruikshank R J
_955728
245 0 _aCharles Dickens and early victorian England
260 _c1949
650 _aENGLISH LITERATURE
942 _hO:3M12w, H9
_cTEXL
_2CC
999 _c160451
_d160451